000 00335nam a2200133Ia 4500
008 240624s9999 xx 000 0 und d
041 _aeng
082 _a005.133 GAR
100 _aGARDENER MARK
245 _aBEGINNING R THE STATISTICAL PROGRAMMING
260 _c2013
_aNew Delhi
_bWiley India
300 _a504 : p.
365 _cRS
_b31
999 _c22922
_d22922